MARC details
| 000 -LEADER |
| fixed length control field |
00987nam a22002537a 4500 |
| 003 - CONTROL NUMBER IDENTIFIER |
| control field |
LK-CoMWRAF |
| 005 - DATE AND TIME OF LATEST TRANSACTION |
| control field |
20231206143255.0 |
| 008 - FIXED-LENGTH DATA ELEMENTS--GENERAL INFORMATION |
| fixed length control field |
230924b1998 |||||||| |||| 00| 0 eng d |
| 020 ## - INTERNATIONAL STANDARD BOOK NUMBER |
| International Standard Book Number |
9559528459 |
| 040 ## - CATALOGING SOURCE |
| Original cataloging agency |
LK-CoMWRAF |
| Modifying agency |
LK-CoMWRAF |
| Description conventions |
LK-CoMWRAF |
| 041 ## - LANGUAGE CODE |
| Language code of text/sound track or separate title |
English |
| 082 ## - DEWEY DECIMAL CLASSIFICATION NUMBER |
| Classification number |
320.531 |
| Item number |
BRA |
| 942 ## - ADDED ENTRY ELEMENTS (KOHA) |
| Koha item type |
Books |
| 700 ## - ADDED ENTRY--PERSONAL NAME |
| Personal name |
Muthiah, Wesley S. |
| Relator Term |
editor |
| 700 ## - ADDED ENTRY--PERSONAL NAME |
| Personal name |
Wanasinghe, Sydney |
| Relator Term |
editor |
| 245 ## - TITLE STATEMENT |
| Title |
The Bracegirdle affair: |
| Remainder of title |
an episode in the history of the Lanka Sama Samaja Party |
| 260 ## - PUBLICATION, DISTRIBUTION, ETC. (IMPRINT) |
| Place of publication, distribution, etc. |
Colombo: |
| Name of publisher, distributor, etc. |
Young Socialist Publication, |
| Date of publication, distribution, etc. |
1998 |
| 300 ## - PHYSICAL DESCRIPTION |
| Extent |
x, 576 p., [8] p. of plates : ill. (some col.) ; 23 cm. |
| Other physical details |
Bibliography included |
| 650 ## - SUBJECT ADDED ENTRY--TOPICAL TERM |
| Topical term or geographic name as entry element |
Bracegirdle, Mark Anthony Lyster, -Political activity. |
| 650 ## - SUBJECT ADDED ENTRY--TOPICAL TERM |
| Topical term or geographic name as entry element |
Bracegirdle, Mark Anthony Lyster,-Trials, litigation, etc. . |
| 650 ## - SUBJECT ADDED ENTRY--TOPICAL TERM |
| Topical term or geographic name as entry element |
Lanka Sama Samaja Party--History--Sources |
| 650 ## - SUBJECT ADDED ENTRY--TOPICAL TERM |
| Topical term or geographic name as entry element |
Trials (Sedition)--Sri Lanka--History--Sources. |
| 650 ## - SUBJECT ADDED ENTRY--TOPICAL TERM |
| Topical term or geographic name as entry element |
Sri Lanka--Politics and government--20th century--Sources. |